| 000 | 00681nam a22002297a 4500 | ||
|---|---|---|---|
| 999 |
_c5193 _d5193 |
||
| 003 | AR-CdUCM | ||
| 008 | 190312b ||||| |||| 00| 0 spa d | ||
| 020 | _a84-85234-22-7 | ||
| 040 |
_aMUNICIPALIDAD PROVINCIAL DEL CUSCO _cBIBLIOTECA MUNICIPAL DEL CUSCO |
||
| 082 |
_a133.88 / _bR49 |
||
| 100 |
_aRhine, Louisa E. _915755 |
||
| 245 | _aEl Poder de la Mente sobre la Materia / | ||
| 260 |
_aMadrid : _bSaltés ; _c1970. |
||
| 300 |
_a304 páginas ; _c21cm |
||
| 500 | _aSerie Parapsicología | ||
| 505 | _aContenido: Experimentos | ||
| 650 |
_aAnálisis _92730 |
||
| 650 |
_aExperimento _915756 |
||
| 650 |
_aParapsicología _915757 |
||
| 942 |
_2ddc _cLIBROS |
||
| 945 | _anom | ||